| 000 | 005050000a22001930004500 | ||
|---|---|---|---|
| 001 | 003374 | ||
| 003 | MACL | ||
| 005 | 20150728132611.0 | ||
| 008 | 150728b xxu||||| |||| 00| 0 eng d | ||
| 040 |
_aMACL _cMACL |
||
| 041 | _aEnglish | ||
| 082 | _a333.385/GHO | ||
| 100 |
_aGhosh A., _92827 |
||
| 245 |
_aA Development Strategy For The Lakshadweep Islands _cGhosh A. |
||
| 260 |
_aNew Delhi _c2004 _bClassical Publishing Company, |
||
| 350 | _a300 | ||
| 650 |
_aEconomics _92828 |
||
| 942 |
_k333 _cBK _2ddc |
||
| 999 |
_c15276 _d15276 |
||